000 00683nam a2200205Ia 4500
001 10101
003 GE_BSU
008 181216s||||||||xx |||||||||||||| ||und||
040 _cGE_BSU
080 _a821.353.1–1+821.353.1-32
100 _aსამადაშვილი,შაქრო
245 _aლექსები,მოთხრობები
245 _cრედ.ს.სიგუა.მხატვ.დ.დუნდუა
260 _aთბილისი
260 _bსაბჭოთა საქართველო
260 _c1975
300 _a222გვ.19სმ.
653 _aლექსები,მოთხრობები
942 _cBK
999 _c43373
_d43373